000 00570 a2200193 4500
005 20260421153327.0
008 260421b |||||||| |||| 00| 0 eng d
020 _a9789392862366
_cRs. 1895.00
040 _aMAIN
082 _a327.54
_bT543I
100 _aTiwari, Manish
245 _aIndia-Bangladesh-Myanmar triangle: Connectivity initiatives and regional development
260 _bS K Book Agency
_c2025
_aNew Delhi
300 _aix, 259
650 _aPolitical Science
650 _aInternational Relations
650 _aForeign Relation-India
942 _cBK
999 _c395562
_d395562